Naked Statistics
Saved in:
| Main Author: | |
|---|---|
| Format: | Book |
| Published: |
Norton
|
| Subjects: | |
| Tags: |
No Tags, Be the first to tag this record!
|
MARC
| LEADER | 00000nam a2200000Ia 4500 | ||
|---|---|---|---|
| 005 | 20260427112717.0 | ||
| 526 | |b Data Science | ||
| 100 | |a Charles Wheelan | ||
| 020 | |a 9780393347777 | ||
| 650 | |a Statistics | ||
| 526 | |a Bachelors | ||
| 942 | |c BK | ||
| 245 | |a Naked Statistics | ||
| 260 | |b Norton | ||
| 999 | |c 97 |d 97 | ||
| 952 | |0 0 |1 0 |4 0 |7 0 |8 2 |a BRISTOL |b BRISTOL |d 2026-04-22 |l 0 |p 000042 |r 2026-04-27 11:27:17 |w 2026-04-27 |y BK | ||